000 00470nam a2200157Ia 4500
008 160316s1981 xxu||||| |||| 00| 0 eng d
082 _a300.720000
_bSCI
100 _a
245 _aScientific research and the law
250 _a
260 _aStrasbourg
_bCouncil of Europe
_c1981
300 _a103p
_b
_c
365 _b
650 _a1.Scientific Research - Need - Legal Control - Europe 2.Scientific Research - Legal Control - International Aspects
700 _a
_a
999 _c17214
_d17214